000 01065cam a2200277 a 4500
001 000002106
003 DO-SdBNP
005 20251029141414.0
008 791206s1978 ve a b 000 0cspa
040 _aDO-SdBNP
_cDLC
_dDLC
082 _a924.987
_bB764s
100 1 _aBoulton, Alfredo.
_96765
245 1 3 _aEl solar caraqueño de Andrés Bello /
_cAlfredo Boulton.
260 _aCaracas :
_bLa Casa de Bello,
_c1978.
300 _a61 p. :
_bil. ;
_c24 cm.
504 _aIncluye referencias bibliográficas y notas al pie de las páginas.
600 1 4 _aBello, Andrés,
_d1781-1865
_xFamilia.
_96766
600 1 4 _aBello, Andrés,
_d1781-1865
_xBiografía
_96767
600 1 4 _aLópez, Juan Pedro,
_d1724-1787.
_96769
651 4 _aCaracas (Venezuela)
_xVida Intelectual
_ySiglo XX.
_96768
700 1 2 _aBoulton, Alfredo.
_tJuan Pedro López.
_f1978.
_96772
710 2 _aFundación La Casa de Bello
_96770
710 2 _aComisión Nacional Para La Celebración del Bicentenario de Don Andres Bello.
_96771
910 _aCatalogación por copia / LC
942 _2ddc
_cLBS1
999 _c1964
_d1964